| 000 | 00470nam a22001817a 4500 | ||
|---|---|---|---|
| 999 |
_c11151 _d11151 |
||
| 003 | OSt | ||
| 008 | 220415b ||||| |||| 00| 0 eng d | ||
| 020 | _a978813526354 | ||
| 082 | _a491.423 ABG | ||
| 100 | _aABRAMS. m. H | ||
| 245 | _aGlossary of Literary Terms | ||
| 250 | _a11th edition | ||
| 260 |
_aDelhi _bCenage Learning India Pvt. Ltd |
||
| 300 | _a429 | ||
| 650 | _aGlossary of Literary Terms English | ||
| 700 | _aHARPHAM, Geoffrey Galt | ||
| 942 |
_2ddc _cBK |
||